000
00267nam a22001217a 4500
008
180115b xxu||||| |||| 00| 0 eng d
041
_a
eng
080
_a
321
100
_a
21
101
_a
GJL
245
_a
Rosseau's Political Writings
_c
Ritter, A
942
_2
udc
_c
BK
999
_c
40303
_d
40303